キッコーマン豆乳飲料のフレーバー - Statistics

General Stats
  • This quiz has been taken 76 times
  • The average score is 10 of 31
Answer Stats
Hint Answer % Correct
バナナ
91%
いちご
74%
砂糖不使用 紅茶
70%
紅茶
70%
砂糖不使用 コーヒー
68%
ココア
59%
メロン
58%
砂糖不使用 抹茶
56%
抹茶
56%
りんご
38%
きなこ
33%
チョコミント
30%
マンゴー
30%
バニラアイス
26%
プリン
24%
黒ごま
24%
アーモンド
23%
フルーツミックス
21%
低糖質 麦芽コーヒー
18%
麦芽コーヒー
18%
白桃
18%
チョコバナナ
12%
チャイティー
12%
ブラックチョコ
11%
ずんだ
9%
フルーツサンド
5%
ピスタチオ
5%
アフォガート
2%
まろやか青汁
2%
レモネード
2%
甘熟パイン
0%
No matching quizzes found
Score Distribution
Percent of People with Each Score
Percentile by Number Answered
Your Score History
You have not taken this quiz